[Event "Rohde op 12th"]
[Site "Sautron"]
[Date "2012.11.??"]
[Round "5"]
[White "Auvray, Honorine"]
[Black "Lebreton, Flavien"]
[Result "0-1"]
[WhiteElo "1808"]
[BlackElo "2023"]
[PlyCount "62"]
[EventDate "2012.10.27"]
[EventType "swiss"]
[EventRounds "9"]
[EventCountry "FRA"]
[SourceTitle "EXT 2014"]
[Source "ChessBase"]
[SourceDate "2013.11.20"]
[SourceVersion "1"]
[SourceVersionDate "2013.11.20"]
[SourceQuality "1"]

1. e4 c5 2. Nf3 d6 3. d4 cxd4 4. Nxd4 Nf6 5. Nc3 a6 6. f3 e6 7. Be3 b5 8. Qd2 Nbd7 9. 0-0-0 Bb7 10. g4 Nb6 11. Bd3 Rc8 12. Kb1 Nfd7 13. Rhg1 Ne5 14. Qf2 Nbc4 15. Bc1 b4 16. Nce2 d5 17. exd5 Bxd5 18. Bxc4 Nxc4 19. Nb3 Qb6 20. Qxb6 Nxb6 21. Ned4 Be7 22. Rge1 0-0 23. f4 Bd6 24. h4 Rfd8 25. h5 Bb8 26. g5 g6 27. h6 Ba8 28. Rf1 Rd5 29. Bd2 a5 30. c3 Nc4 31. cxb4 a4 0-1

[Event "Rohde op 10th"]
[Site "Sautron"]
[Date "2010.10.26"]
[Round "5"]
[White "Lebreton, Flavien"]
[Black "Stephan, Victor"]
[Result "0-1"]
[WhiteElo "2063"]
[BlackElo "2249"]
[PlyCount "28"]
[EventDate "2010.10.23"]
[EventType "swiss"]
[EventRounds "9"]
[EventCountry "FRA"]
[SourceTitle "EXT 2012"]
[Source "ChessBase"]
[SourceDate "2011.11.24"]
[SourceVersion "1"]
[SourceVersionDate "2011.11.24"]
[SourceQuality "1"]

1. Nf3 Nf6 2. g3 g6 3. Bg2 Bg7 4. 0-0 0-0 5. d3 d5 6. c3 c5 7. Nbd2 b6 8. Rb1 a5 9. a3 a4 10. b4 axb3 11. Qxb3 Nbd7 12. c4 Bb7 13. cxd5 Bxd5 14. Nc4 b5 0-1

[Event "Rohde op 09th"]
[Site "Sautron"]
[Date "2009.10.24"]
[Round "1"]
[White "Vernay, Clovis"]
[Black "Lebreton, Flavien"]
[Result "1-0"]
[WhiteElo "2458"]
[BlackElo "2037"]
[PlyCount "61"]
[EventDate "2009.10.24"]
[EventType "swiss"]
[EventRounds "9"]
[EventCountry "FRA"]
[SourceTitle "EXT 2010"]
[Source "ChessBase"]
[SourceDate "2010.11.25"]
[SourceVersion "1"]
[SourceVersionDate "2010.11.25"]
[SourceQuality "1"]

1. d4 Nf6 2. c4 e6 3. Nf3 d5 4. Nc3 Be7 5. Bf4 0-0 6. e3 b6 7. Be2 Bb7 8. 0-0 c5 9. dxc5 bxc5 10. Qb3 Qc8 11. Nb5 Ne4 12. Rfd1 g5 13. Bg3 Nd7 14. Nc3 Nxg3 15. hxg3 Nb6 16. a4 Nxc4 17. Bxc4 dxc4 18. Qxc4 Qc6 19. e4 Bf6 20. Re1 g4 21. e5 gxf3 22. exf6 Kh8 23. Re5 fxg2 24. Rh5 Qf3 25. Qh4 Qd3 26. Re1 Rad8 27. Ne4 Bxe4 28. Qxe4 Qxe4 29. Rxe4 Rd4 30. Ree5 Rxa4 31. Rh6 1-0

[Event "FRA-chT1 0910"]
[Site "France"]
[Date "2009.10.18"]
[Round "3.7"]
[White "Lebreton, Flavien"]
[Black "Carton, Camille"]
[Result "0-1"]
[WhiteElo "2037"]
[BlackElo "2219"]
[PlyCount "39"]
[EventDate "2009.09.27"]
[EventType "team-tourn"]
[EventRounds "11"]
[EventCountry "FRA"]
[SourceTitle "EXT 2011"]
[Source "ChessBase"]
[SourceDate "2010.11.26"]
[SourceVersion "1"]
[SourceVersionDate "2010.11.26"]
[SourceQuality "1"]

1. d4 d5 2. c4 e6 3. Nc3 c6 4. Nf3 dxc4 5. e3 b5 6. a4 Bb4 7. Bd2 a5 8. axb5 Bxc3 9. Bxc3 cxb5 10. b3 Bb7 11. bxc4 b4 12. Bb2 Nf6 13. Bd3 Nbd7 14. 0-0 0-0 15. Qc2 Qc7 16. e4 e5 17. c5 exd4 18. Bxd4 Ng4 19. Bc4 Kh8 20. Ng5 0-1

[Event "Rohde op 09th"]
[Site "Sautron"]
[Date "2009.10.??"]
[Round "3"]
[White "Shankland, Samuel L"]
[Black "Lebreton, Flavien"]
[Result "1-0"]
[WhiteElo "2474"]
[BlackElo "2037"]
[PlyCount "78"]
[EventDate "2009.10.24"]
[EventType "swiss"]
[EventRounds "9"]
[EventCountry "FRA"]
[SourceTitle "EXT 2010"]
[Source "ChessBase"]
[SourceDate "2010.11.25"]
[SourceVersion "1"]
[SourceVersionDate "2010.11.25"]
[SourceQuality "1"]

1. d4 Nf6 2. c4 e6 3. g3 c5 4. d5 exd5 5. cxd5 b5 6. Bg2 d6 7. a4 b4 8. Nh3 Be7 9. 0-0 a5 10. Nd2 Ba6 11. Re1 Nbd7 12. b3 0-0 13. Bb2 Ng4 14. e4 Nge5 15. Bf1 Bxf1 16. Rxf1 Nd3 17. Bc1 Bf6 18. Rb1 Nb6 19. Qc2 Nxc1 20. Rbxc1 Re8 21. Qd3 Qd7 22. Kg2 Nxa4 23. bxa4 Qxa4 24. f4 Qd7 25. e5 dxe5 26. Ne4 a4 27. Nxc5 Qd6 28. Ne4 Qa6 29. Qxa6 Rxa6 30. d6 b3 31. d7 Rd8 32. Nxf6+ gxf6 33. Rc8 Ra8 34. Rxa8 Rxa8 35. Rc1 b2 36. Rc8+ Kg7 37. Rxa8 b1Q 38. d8Q Qc2+ 39. Nf2 Qc6+ 1-0

[Event "FRA-ch Accession"]
[Site "Nimes"]
[Date "2009.08.14"]
[Round "4"]
[White "Maatoug, Redwan"]
[Black "Lebreton, Flavien"]
[Result "1-0"]
[WhiteElo "2245"]
[BlackElo "2012"]
[PlyCount "133"]
[EventDate "2009.08.11"]
[EventType "swiss"]
[EventRounds "9"]
[EventCountry "FRA"]
[SourceTitle "CBM 132 Extra"]
[Source "ChessBase"]
[SourceDate "2009.11.03"]
[SourceVersion "1"]
[SourceVersionDate "2009.11.03"]
[SourceQuality "1"]

1. d4 Nf6 2. Nf3 c5 3. c3 d5 4. Bf4 Qb6 5. Qc2 Nc6 6. e3 g6 7. Bd3 c4 8. Be2 Bf5 9. Qc1 Bg7 10. 0-0 Nh5 11. Bg3 Nxg3 12. hxg3 0-0 13. Nbd2 Qc7 14. Nh4 b5 15. Nxf5 gxf5 16. g4 fxg4 17. Bxg4 f5 18. Bf3 e6 19. g3 Kh8 20. Kg2 Rg8 21. Rh1 Bf8 22. Rh5 Bd6 23. Qh1 Rg7 24. Qh3 Rag8 25. Rh1 Bxg3 26. Kf1 Bd6 27. Rh6 Re8 28. Bh5 Ree7 29. f4 Bxf4 30. Rf6 Rg3 31. Rg1 Rxg1+ 32. Kxg1 Bg5 33. Rf8+ Kg7 34. Re8 Rxe8 35. Bxe8 Kf8 36. Bxc6 Qxc6 37. Qg3 Be7 38. Nf3 Bd6 39. Qh4 Qd7 40. Qf6+ Kg8 41. Kf2 Qe7 42. Qh6 Kh8 43. Ng5 f4 44. e4 dxe4 45. Nxe4 Bc7 46. Kf3 a6 47. Ng5 e5 48. d5 Kg8 49. Ne4 Qg7 50. Nf6+ Kf7 51. Qxg7+ Kxg7 52. Ne8+ Kg8 53. Nxc7 Kf7 54. d6 e4+ 55. Kf2 Kf6 56. Nd5+ Ke6 57. Nxf4+ Kxd6 58. Ke3 Ke5 59. Nh5 h6 60. Ng3 b4 61. Nxe4 h5 62. Nd2 Kd5 63. Nf3 bxc3 64. bxc3 Kc5 65. a4 Kd5 66. Kf4 Kd6 67. Ke4 1-0

[Event "Pays de Loire-chT"]
[Site "Cholet"]
[Date "2009.??.??"]
[Round "4"]
[White "Lebreton, Flavien"]
[Black "Loiret, Stanislas"]
[Result "1-0"]
[WhiteElo "1976"]
[BlackElo "2266"]
[PlyCount "127"]
[EventDate "2009.06.??"]
[EventType "team-tourn"]
[EventRounds "6"]
[EventCountry "FRA"]
[SourceTitle "EXT 2010"]
[Source "ChessBase"]
[SourceDate "2010.11.25"]
[SourceVersion "1"]
[SourceVersionDate "2010.11.25"]
[SourceQuality "1"]

1. d4 Nf6 2. Nf3 e6 3. c4 c5 4. d5 b5 5. dxe6 fxe6 6. cxb5 d5 7. g3 Bd6 8. Bg2 0-0 9. Nc3 Bb7 10. 0-0 d4 11. Nxd4 Bxg2 12. Nxe6 Qe7 13. Nxf8 Bxf1 14. Nxh7 Kxh7 15. Qd3+ Kh8 16. Qf3 Bxe2 17. Qxa8 Bg4 18. Bg5 Qe5 19. Bf4 Qe6 20. Bxd6 Qxd6 21. Re1 Bf5 22. Rd1 Qf8 23. Qxa7 Nbd7 24. b6 Kh7 25. b7 Bg4 26. Re1 Qd6 27. b8Q Nxb8 28. Qe7 Qd2 29. Qe3 Qxb2 30. Qxc5 Nbd7 31. Qe3 Qb7 32. Ne4 Qd5 33. Ng5+ Kg6 34. h4 Qxa2 35. f3 Bf5 36. g4 Qd5 37. gxf5+ Qxf5 38. Ne4 Kh7 39. Qf2 Nh5 40. Ng5+ Kg6 41. Re6+ Ndf6 42. Rc6 Qb1+ 43. Kh2 Qb8+ 44. Kg1 Qb1+ 45. Qf1 Qf5 46. Qg2 Nf4 47. Qc2 Qxc2 48. Rxc2 Kh5 49. Rc4 Ng6 50. Ne6 Ne8 51. Rc8 Nd6 52. Nxg7+ Kh6 53. Rc6 Kxg7 54. Rxd6 Nxh4 55. Kf2 Nf5 56. Ra6 Kf7 57. f4 Ne7 58. Kf3 Nd5 59. Ke4 Nf6+ 60. Kf5 Nd5 61. Ra7+ Kf8 62. Ke5 Ne3 63. f5 Ng4+ 64. Ke6 1-0

[Event "Pays de Loire-chT"]
[Site "Cholet"]
[Date "2009.??.??"]
[Round "5"]
[White "Soyer, Jean Yves"]
[Black "Lebreton, Flavien"]
[Result "0-1"]
[WhiteElo "2092"]
[BlackElo "1976"]
[PlyCount "90"]
[EventDate "2009.06.??"]
[EventType "team-tourn"]
[EventRounds "6"]
[EventCountry "FRA"]
[SourceTitle "EXT 2010"]
[Source "ChessBase"]
[SourceDate "2010.11.25"]
[SourceVersion "1"]
[SourceVersionDate "2010.11.25"]
[SourceQuality "1"]

1. Nf3 Nf6 2. c4 e6 3. d4 Bb4+ 4. Bd2 Qe7 5. e3 Nc6 6. Be2 0-0 7. 0-0 a5 8. Nc3 d6 9. Qc2 Bxc3 10. Bxc3 e5 11. dxe5 dxe5 12. Nd2 Be6 13. Bf3 Nb4 14. Bxb4 Qxb4 15. a3 Qb6 16. Qc3 Nd7 17. b4 axb4 18. axb4 f5 19. Bd5 Bxd5 20. cxd5 Qd6 21. Nf3 e4 22. Nd4 Rac8 23. Qb3 Ne5 24. Rfd1 Ng4 25. g3 Kh8 26. h3 Ne5 27. Kg2 Nd3 28. Ne6 Rfe8 29. Qc3 Re7 30. Nf4 Qxb4 31. Rxd3 Qd6 32. Rdd1 Kg8 33. h4 g6 34. Rab1 b6 35. Rbc1 h6 36. Qc6 Qxc6 37. Rxc6 g5 38. hxg5 hxg5 39. Rg6+ Rg7 40. Rxg7+ Kxg7 41. Ne6+ Kf6 42. Nd4 Rd8 43. Nb5 c6 44. dxc6 Rxd1 45. c7 Rc1 0-1

[Event "FRA-chT2 West 0708"]
[Site "France"]
[Date "2007.11.25"]
[Round "3.7"]
[White "Theon, Pierre"]
[Black "Lebreton, Flavien"]
[Result "1-0"]
[WhiteElo "2121"]
[BlackElo "1898"]
[PlyCount "49"]
[EventDate "2007.10.21"]
[EventType "team-tourn"]
[EventRounds "11"]
[EventCountry "FRA"]
[SourceTitle "EXT 2009"]
[Source "ChessBase"]
[SourceDate "2008.11.26"]
[SourceVersion "1"]
[SourceVersionDate "2008.11.26"]
[SourceQuality "1"]
[WhiteTeam "Gonfreville II"]
[BlackTeam "Sautron"]
[WhiteTeamCountry "FRA"]
[BlackTeamCountry "FRA"]

1. e4 c5 2. Nf3 d6 3. d4 cxd4 4. Nxd4 Nf6 5. Nc3 a6 6. Bg5 e6 7. f4 Nbd7 8. Qf3 Qc7 9. 0-0-0 b5 10. Bd3 Bb7 11. Rhe1 Qb6 12. Nb3 b4 13. Ne2 a5 14. Nd2 Nc5 15. Bxf6 gxf6 16. Nc4 Qc7 17. Kb1 f5 18. Ng3 Rc8 19. Ne3 fxe4 20. Nxe4 Nxe4 21. Bxe4 Bxe4 22. Qxe4 Qc6 23. Nd5 Kd8 24. Qd4 exd5 25. Qf6+ 1-0

[Event "Rohde op 07th"]
[Site "Sautron"]
[Date "2007.10.28"]
[Round "2"]
[White "Guerin, Michel"]
[Black "Lebreton, Flavien"]
[Result "1-0"]
[WhiteElo "2190"]
[BlackElo "1898"]
[PlyCount "39"]
[EventDate "2007.10.27"]
[EventType "swiss"]
[EventRounds "9"]
[EventCountry "FRA"]
[SourceTitle "EXT 2008"]
[Source "ChessBase"]
[SourceDate "2007.11.25"]
[SourceVersion "1"]
[SourceVersionDate "2007.11.25"]
[SourceQuality "1"]

1. e4 c5 2. Nf3 d6 3. d4 cxd4 4. Nxd4 Nf6 5. Nc3 a6 6. Bc4 e6 7. Bb3 b5 8. 0-0 Be7 9. f4 b4 10. Na4 Nxe4 11. f5 d5 12. fxe6 fxe6 13. Nxe6 Bxe6 14. Qh5+ Kd7 15. Bxd5 Nf6 16. Bxe6+ Kxe6 17. Re1+ Kd7 18. Qf7 Rf8 19. Rd1+ Kc7 20. Qc4+ 1-0

[Event "FRA-chT2 West 0607"]
[Site "France"]
[Date "2007.01.21"]
[Round "6.5"]
[White "Lebreton, Flavien"]
[Black "Foussard, Gervais"]
[Result "1-0"]
[WhiteElo "1947"]
[BlackElo "2030"]
[PlyCount "39"]
[EventDate "2006.10.15"]
[EventType "team-tourn"]
[EventRounds "11"]
[EventCountry "FRA"]
[SourceTitle "EXT 2008"]
[Source "ChessBase"]
[SourceDate "2007.11.25"]
[SourceVersion "1"]
[SourceVersionDate "2007.11.25"]
[SourceQuality "1"]
[WhiteTeam "Sautron"]
[BlackTeam "Guingamp II"]
[WhiteTeamCountry "FRA"]
[BlackTeamCountry "FRA"]

1. d4 d5 2. Nf3 e6 3. c4 Nf6 4. Nc3 c5 5. cxd5 exd5 6. g3 Nc6 7. Bg2 h6 8. 0-0 Bd6 9. Nb5 Be7 10. Bf4 0-0 11. dxc5 Bxc5 12. Qc2 Be7 13. Rfd1 Be6 14. Nc7 Rc8 15. Nxe6 fxe6 16. Bh3 Nd4 17. Qd3 Nxf3+ 18. exf3 Rc6 19. Rac1 Rb6 20. Bc7 1-0